00453nam a22001577a 450000500170000001000140001702000260003103500130005703700130007008200060008310000180008924500570010726000320016427000770019630000220027320100804135632.0 aENG-98022 a9789380032429c250.00 aEN-81555 bDBAD/PUB aN aSharma, Parul aBringing up Vasu :bthat first yearcby Parul Sharma aChennaibWestland Ltdc2009 a571, Poonamallee High Road, Kamaraj Bhavan AminijikaraibChennaie600029 a262p.c19cm (pbk)